000 00640cam a22002175a 4500
001 L140471
008 070924s1909 xxk eng u
035 _a(Sirsi) u140471
041 0 _aeng
100 1 _aClarke, H. Chatfield
245 0 0 _aSurveyors' Institution and Middlesex Guildhall
_h[manuscript]
255 _aScale 1:96
260 _c1909
300 _a2 sheets
_bcol., rolled
_c49 x 70 cm. and 51 x 76 cm.
340 _aInk on linen; paper
351 _cSingle item
500 _aOne drawing is in ink on linen, with some colour; the other is a copy on paper.
651 4 _aLondon
690 _aABOUT RICS
942 _n0
999 _c116324
_d116324